[Event "Gibraltar Amateurs A"]
[Site "Gibraltar"]
[Date "2019.01.23"]
[Round "3.28"]
[White "Evenshaug, Amadeus Hestvik"]
[Black "Guardia Bencomo, Tomas"]
[Result "0-1"]
[WhiteElo "1383"]
[BlackElo "1664"]
[PlyCount "116"]
[EventDate "2019.01.21"]
[EventType "swiss"]
[EventRounds "5"]
[EventCountry "GGB"]

1. e4 c5 2. Nf3 d6 3. d4 cxd4 4. Nxd4 Nf6 5. Nc3 a6 6. Be3 Nc6 7. Be2 e6 8. O-O
Be7 9. f4 O-O 10. Nxc6 bxc6 11. Bd3 a5 12. e5 Nd5 13. Nxd5 cxd5 14. Qh5 g6 15.
Qh6 Re8 16. exd6 Bf8 17. Qg5 Qxg5 18. fxg5 Bxd6 19. Bb5 Rf8 20. b3 e5 21. Rf6
Be7 22. Rb6 Bf5 23. Bc6 Rac8 24. Bxd5 Rxc2 25. Rb5 Bb4 26. a3 Bc3 27. Rd1 Rc8
28. Rb7 Be6 29. Bxe6 fxe6 30. Rdd7 e4 31. Rxh7 Re2 32. Bb6 Rf8 33. g4 e3 34.
Rhd7 Re1+ 35. Kg2 Be5 36. Rd8 Re2+ 37. Kg1 Bxh2+ 38. Kh1 Rxd8 39. Bxd8 Ra2 40.
a4 Bf4 41. Bxa5 e2 42. Be1 Bd2 43. Rb8+ Kf7 44. Rb7+ Ke8 45. Bf2 Be3 46. Bg3
Ra1+ 47. Kg2 Rg1+ 48. Kf3 Rxg3+ 49. Kxe2 Bxg5 50. Rg7 Rxg4 51. a5 Bd8 52. a6
Rg2+ 53. Kd3 Ra2 54. a7 Be7 55. Rg8+ Bf8 56. Rxg6 Kf7 57. Rg4 Rxa7 58. Rf4+ Ke7
0-1

[Event "Gibraltar Amateurs A"]
[Site "Gibraltar"]
[Date "2019.01.23"]
[Round "3.31"]
[White "Kumar, Deepak"]
[Black "Wadhwani, Sunil"]
[Result "0-1"]
[WhiteElo "1590"]
[BlackElo "1841"]
[PlyCount "71"]
[EventDate "2019.01.21"]
[EventType "swiss"]
[EventRounds "5"]
[EventCountry "GGB"]

1. e4 e6 2. c4 c6 3. d4 d5 4. e5 Bb4+ 5. Nc3 Ne7 6. Nf3 O-O 7. Bg5 h6 8. Bh4
Qa5 9. Qc2 dxc4 10. Bxe7 Bxe7 11. Bxc4 b5 12. Bb3 Bb7 13. O-O Na6 14. Ne4 Qd8
15. Rad1 Nb4 16. Qe2 a5 17. a3 Nd5 18. Rfe1 a4 19. Bc2 b4 20. Nc5 Bxc5 21. dxc5
bxa3 22. Qe4 g6 23. bxa3 Qa5 24. Qg4 Kg7 25. Bxg6 fxg6 26. Qxe6 Qxc5 27. Nh4
Qxf2+ 28. Kh1 Qxh4 29. Rb1 Rf7 30. Qd6 Raf8 31. Rec1 Qd8 32. Qc5 Qe7 33. Qd4 c5
34. Qb2 Kh7 35. h3 Nf4 36. Kh2 0-1

[Event "Gibraltar Amateurs A"]
[Site "Gibraltar"]
[Date "2019.01.23"]
[Round "3.32"]
[White "Khoo-Thwe, Louis"]
[Black "Bullock, Lee"]
[Result "1-0"]
[WhiteElo "1617"]
[BlackElo "1524"]
[PlyCount "53"]
[EventDate "2019.01.21"]
[EventType "swiss"]
[EventRounds "5"]
[EventCountry "GGB"]

1. e4 c5 2. Nf3 d6 3. d4 cxd4 4. Nxd4 Nf6 5. Nc3 a6 6. Bg5 e5 7. Nf3 Be7 8. Be2
Be6 9. O-O Nbd7 10. Nd2 O-O 11. f4 exf4 12. Bxf4 Qb6+ 13. Kh1 Qxb2 14. Rf3 Qb6
15. Rb1 Qc7 16. h3 Rac8 17. Nf1 Nc5 18. Ng3 b5 19. Qd2 Rfd8 20. Bg5 h6 21. Bxf6
Bxf6 22. Rxf6 Nd7 23. Rf3 Ne5 24. Re3 Bc4 25. Nf5 Bxe2 26. Qxe2 Nc4 27. Nd5 1-0

[Event "Gibraltar Amateurs A"]
[Site "Gibraltar"]
[Date "2019.01.23"]
[Round "3.33"]
[White "Elsner, Boris"]
[Black "Mahbubani, Arun"]
[Result "1-0"]
[WhiteElo "1491"]
[BlackElo "1261"]
[PlyCount "135"]
[EventDate "2019.01.21"]
[EventType "swiss"]
[EventRounds "5"]
[EventCountry "GGB"]

1. d4 Nf6 2. Bf4 d5 3. Nf3 c5 4. c3 cxd4 5. Qxd4 Nc6 6. Qe3 e6 7. Ne5 Bd6 8.
Nxc6 bxc6 9. Qf3 Bxf4 10. Qxf4 O-O 11. e3 c5 12. Bd3 c4 13. Bc2 a5 14. Nd2 Qb6
15. Rb1 Nh5 16. Qh4 g6 17. a4 Qd8 18. Qd4 Re8 19. Nf3 Qf6 20. Qd1 e5 21. Qxd5
Be6 22. Qxe5 Qe7 23. O-O Qd7 24. Rfd1 Qc8 25. Rd6 Bg4 26. Qd5 Be6 27. Qd4 Ng7
28. Ng5 Qc7 29. Nxe6 Nxe6 30. Qd5 Rad8 31. Rd1 Rxd6 32. Qxd6 Qb7 33. Qa3 Rb8
34. Rb1 Qc7 35. b4 axb4 36. Rxb4 Kg7 37. Rxb8 Qxb8 38. a5 Qa7 39. h3 h5 40. Be4
Nc5 41. Bd5 Nb3 42. a6 f5 43. Bxc4 Nc5 44. Bb5 Kf7 45. c4 Ke6 46. Qa1 Nxa6 47.
Qxa6+ Qxa6 48. Bxa6 Kd6 49. Bb5 Kc5 50. h4 Kd6 51. f3 Ke5 52. e4 f4 53. Kf2 Kd4
54. g3 fxg3+ 55. Kxg3 Ke5 56. c5 Ke6 57. c6 g5 58. hxg5 h4+ 59. Kxh4 Kd6 60. g6
Ke7 61. c7 Kf6 62. Kh5 Ke5 63. c8=Q Kf6 64. Qf5+ Ke7 65. Qe5+ Kd8 66. Qg7 Kc8
67. Bc6 Kd8 68. Qd7# 1-0

[Event "Gibraltar Amateurs A"]
[Site "Gibraltar"]
[Date "2019.01.23"]
[Round "3.34"]
[White "Neumanova, Monika"]
[Black "Naldrett, Geoffrey"]
[Result "1-0"]
[WhiteElo "1711"]
[BlackElo "1557"]
[PlyCount "120"]
[EventDate "2019.01.21"]
[EventType "swiss"]
[EventRounds "5"]
[EventCountry "GGB"]

1. d4 Nf6 2. c4 g6 3. Nc3 d5 4. cxd5 Nxd5 5. e4 Nxc3 6. bxc3 c5 7. Nf3 Bg7 8.
Be2 O-O 9. O-O Bg4 10. Be3 cxd4 11. cxd4 Nc6 12. e5 e6 13. h3 Bf5 14. Rc1 Be4
15. Qa4 Rc8 16. Rfd1 Qa5 17. Qb3 Bd5 18. Bc4 Bxc4 19. Rxc4 Qd5 20. Qd3 Rfd8 21.
Qe2 Nxe5 22. Nxe5 Bxe5 23. Rxc8 Rxc8 24. dxe5 Qxe5 25. Qf3 b6 26. Bd4 Qf5 27.
Qb7 Qc2 28. Ra1 Qc7 29. Qf3 Qe7 30. Bf6 Qc7 31. Qg4 Qc5 32. Rd1 Qf5 33. Qd4 Qd5
34. Qa4 Qa8 35. Rd7 Qb8 36. Bg5 Qe5 37. Be3 Qa1+ 38. Kh2 Qe5+ 39. g3 h5 40.
Rxa7 h4 41. Qxh4 Qh5 42. Qxh5 gxh5 43. Bxb6 Kg7 44. Bd4+ Kg6 45. h4 Rd8 46. Be3
f6 47. a4 e5 48. a5 f5 49. Ra6+ Kf7 50. Rh6 Ra8 51. Bb6 e4 52. Rxh5 Kg6 53.
Rg5+ Kf6 54. Bd4+ Ke6 55. Rg6+ Kd5 56. Bb6 Ke5 57. h5 f4 58. Bc7+ Kf5 59. Bxf4
Rxa5 60. Rg5+ Ke6 1-0

[Event "Gibraltar Amateurs A"]
[Site "Gibraltar"]
[Date "2019.01.23"]
[Round "3.35"]
[White "Apps, Ian"]
[Black "Marcos Herrero, Francisco"]
[Result "0-1"]
[WhiteElo "1312"]
[BlackElo "1855"]
[PlyCount "32"]
[EventDate "2019.01.21"]
[EventType "swiss"]
[EventRounds "5"]
[EventCountry "GGB"]

1. d4 Nf6 2. Bf4 c5 3. c3 b6 4. e3 g6 5. Nf3 Bg7 6. Bd3 Bb7 7. Nbd2 O-O 8. h4
d6 9. Qc2 Nbd7 10. Rh2 Nh5 11. Be4 Bxe4 12. Qxe4 Ndf6 13. Qd3 cxd4 14. Qxd4 e5
15. Bxe5 dxe5 16. Nxe5 Qc7 0-1

[Event "Gibraltar Amateurs A"]
[Site "Gibraltar"]
[Date "2019.01.23"]
[Round "3.36"]
[White "Krause, Helmut"]
[Black "Lassan, Szabolcs"]
[Result "1-0"]
[WhiteElo "1668"]
[BlackElo "1309"]
[PlyCount "57"]
[EventDate "2019.01.21"]
[EventType "swiss"]
[EventRounds "5"]
[EventCountry "GGB"]

1. d4 d5 2. Nf3 Bf5 3. e3 e6 4. Be2 Nf6 5. Nbd2 Nbd7 6. a3 a5 7. b3 c6 8. O-O
Bd6 9. Bb2 O-O 10. Ne5 Ne4 11. Nxe4 dxe4 12. Bc4 b5 13. Be2 Rc8 14. f3 Nxe5 15.
dxe5 Bc5 16. Bd4 Qb6 17. Qd2 Rcd8 18. c3 b4 19. axb4 Bxd4 20. cxd4 Qxb4 21.
Qxb4 axb4 22. Ra6 exf3 23. gxf3 Bc2 24. Bc4 Rc8 25. Rc1 Bg6 26. Rb6 c5 27. Ba6
Rb8 28. dxc5 Rfd8 29. Rxb8 1-0

[Event "Gibraltar Amateurs A"]
[Site "Gibraltar"]
[Date "2019.01.24"]
[Round "4.2"]
[White "Olaizola, Miguel"]
[Black "Mircov, Nicola-Alexandar"]
[Result "0-1"]
[WhiteElo "1831"]
[BlackElo "1797"]
[PlyCount "82"]
[EventDate "2019.01.21"]
[EventType "swiss"]
[EventRounds "5"]
[EventCountry "GGB"]

1. Nf3 c5 2. g3 d5 3. Bg2 Nc6 4. d4 e6 5. O-O Nf6 6. c4 Be7 7. Nc3 O-O 8. cxd5
exd5 9. dxc5 Bxc5 10. Na4 Be7 11. b3 Bg4 12. Bb2 Rc8 13. h3 Bf5 14. Rc1 Re8 15.
Nc5 Nb4 16. Nh4 Bc2 17. Qd2 Bxc5 18. a3 Ne4 19. Bxe4 dxe4 20. Qxd8 Rexd8 21.
axb4 Bxb4 22. Ra1 a5 23. Nf5 Bxb3 24. Bxg7 Be6 25. Bf6 Bxf5 26. Bxd8 Rxd8 27.
g4 Be6 28. Rfc1 b5 29. Rc6 Bc4 30. e3 Bc3 31. Rc1 Rd3 32. g5 a4 33. Ra6 Bb2 34.
Rc2 a3 35. h4 Rd1+ 36. Kg2 Rc1 37. Rd2 Bd3 38. h5 b4 39. Ra7 b3 40. h6 Kf8 41.
Ra8+ Ke7 0-1

[Event "Gibraltar Amateurs A"]
[Site "Gibraltar"]
[Date "2019.01.24"]
[Round "4.15"]
[White "Whitworth, John"]
[Black "Poggio, Freddie"]
[Result "1-0"]
[WhiteElo "1690"]
[BlackElo "1765"]
[PlyCount "93"]
[EventDate "2019.01.21"]
[EventType "swiss"]
[EventRounds "5"]
[EventCountry "GGB"]

1. e4 c5 2. c3 d6 3. d4 cxd4 4. cxd4 Nf6 5. Nc3 g6 6. Nf3 Bg7 7. Be3 O-O 8. h3
a6 9. Rc1 b5 10. Bd3 Bb7 11. a3 Nbd7 12. O-O Rc8 13. Qd2 e5 14. d5 Nc5 15. Bc2
Na4 16. Nxa4 bxa4 17. Qb4 Rb8 18. Bb6 Qe7 19. Bxa4 Bxd5 20. Qa5 Bxe4 21. Rc7
Qe6 22. Ng5 Qd5 23. Nxe4 Qxe4 24. Bc6 Qd3 25. b4 d5 26. Bb7 Qb5 27. Qxb5 axb5
28. Rfc1 d4 29. Kf1 Nd5 30. Bxd5 Rxb6 31. Ra7 Rd6 32. Bb3 e4 33. Rcc7 Rf6 34.
Re7 e3 35. f3 Bh6 36. Red7 e2+ 37. Kxe2 Be3 38. Rab7 h5 39. Rxb5 Bc1 40. a4
Re8+ 41. Kd1 Bb2 42. Rbb7 Bc3 43. Bxf7+ Rxf7 44. Rxf7 d3 45. Rfe7 Rxe7 46. Rxe7
Bxb4 47. Rd7 1-0

[Event "Gibraltar Amateurs A"]
[Site "Gibraltar"]
[Date "2019.01.24"]
[Round "4.16"]
[White "Greco, Joseph"]
[Black "Escanciano Reyero, Daniel"]
[Result "1/2-1/2"]
[WhiteElo "1574"]
[BlackElo "1732"]
[PlyCount "25"]
[EventDate "2019.01.21"]
[EventType "swiss"]
[EventRounds "5"]
[EventCountry "GGB"]

1. e4 d5 2. exd5 Nf6 3. d4 Nxd5 4. Nf3 Bg4 5. c3 e6 6. Be2 Bd6 7. O-O O-O 8.
Nbd2 Nd7 9. Re1 Nf4 10. Ne4 Nxe2+ 11. Qxe2 Nf6 12. h3 Bxf3 13. Qxf3 1/2-1/2

[Event "Gibraltar Amateurs A"]
[Site "Gibraltar"]
[Date "2019.01.24"]
[Round "4.17"]
[White "Christophe-Hayot, Romain"]
[Black "Kearsley, Raymond J"]
[Result "1-0"]
[WhiteElo "1729"]
[BlackElo "1537"]
[PlyCount "95"]
[EventDate "2019.01.21"]
[EventType "swiss"]
[EventRounds "5"]
[EventCountry "GGB"]

1. d4 d5 2. Nf3 Bf5 3. Nbd2 Nf6 4. e3 e6 5. Be2 c5 6. O-O Nc6 7. c3 Bd6 8. dxc5
Bxc5 9. b4 Bd6 10. a4 O-O 11. b5 Na5 12. c4 Rc8 13. cxd5 Bc2 14. Qe1 Nxd5 15.
Bb2 Bb4 16. Nd4 e5 17. N4f3 Nb3 18. Bxe5 Nxa1 19. Qxa1 f6 20. Bd4 Bg6 21. e4
Bxd2 22. exd5 Ba5 23. Nh4 Be4 24. Rd1 Qd6 25. Bg4 Rc2 26. Be6+ Kh8 27. Nf5 Bxf5
28. Bxf5 Rd2 29. Rxd2 Bxd2 30. Be6 Bf4 31. h4 Be5 32. h5 Re8 33. Bxe5 Qxe5 34.
Qxe5 fxe5 35. f3 Re7 36. Kf2 h6 37. Ke3 Kh7 38. Ke4 g6 39. Kxe5 Kg7 40. d6 Re8
41. f4 gxh5 42. f5 Rf8 43. d7 h4 44. f6+ Kg6 45. Bf5+ Kf7 46. Be4 Rd8 47. Bd5+
Kg6 48. Ke6 1-0

[Event "Gibraltar Amateurs A"]
[Site "Gibraltar"]
[Date "2019.01.24"]
[Round "4.18"]
[White "Wadhwani, Sunil"]
[Black "Cordero Infante, Ivan"]
[Result "0-1"]
[WhiteElo "1841"]
[BlackElo "1417"]
[PlyCount "104"]
[EventDate "2019.01.21"]
[EventType "swiss"]
[EventRounds "5"]
[EventCountry "GGB"]

1. e4 d6 2. d4 g6 3. c4 Bg7 4. Ne2 Nf6 5. Nbc3 O-O 6. h3 Nbd7 7. Be3 c5 8. d5
h5 9. Qd2 Qa5 10. f4 Nb6 11. Nc1 Nbd7 12. Bd3 a6 13. O-O Rb8 14. a4 Qd8 15. Bc2
Nb6 16. b3 Bd7 17. Rb1 Qc8 18. Kh2 h4 19. Nd3 Nh5 20. e5 Ng3 21. Rf3 Bf5 22.
exd6 exd6 23. Bf2 Bxc3 24. Qxc3 Ne4 25. Qe1 Re8 26. Re3 Nxf2 27. Rxe8+ Qxe8 28.
Qxf2 Qd8 29. Re1 g5 30. Qf3 Qf6 31. Bd1 Qc3 32. Re3 Bxd3 33. Rxd3 Qf6 34. fxg5
Qxg5 35. Re3 Nd7 36. Re4 Ne5 37. Qf4 Qxf4+ 38. Rxf4 Ng6 39. Rg4 Re8 40. Bc2 Kg7
41. Bxg6 fxg6 42. Rxh4 Re3 43. Rf4 Rxb3 44. Re4 Rb4 45. Re6 Rxc4 46. Rxd6 Rxa4
47. Rd7+ Kf6 48. Rxb7 c4 49. Rc7 Ke5 50. Rg7 Kxd5 51. Rxg6 c3 52. Kg1 c2 0-1

[Event "Gibraltar Amateurs A"]
[Site "Gibraltar"]
[Date "2019.01.24"]
[Round "4.19"]
[White "Krause, Marianne"]
[Black "Garcia-Blazquez Perez, Manuel"]
[Result "0-1"]
[WhiteElo "1637"]
[BlackElo "1849"]
[PlyCount "104"]
[EventDate "2019.01.21"]
[EventType "swiss"]
[EventRounds "5"]
[EventCountry "GGB"]

1. c4 f5 2. g3 Nf6 3. Bg2 g6 4. Nc3 Bg7 5. e3 O-O 6. Nge2 d6 7. O-O c6 8. d3 e5
9. f4 Na6 10. Rb1 Nc7 11. b4 a6 12. a4 Bd7 13. a5 Rb8 14. Na4 e4 15. Nec3 b5
16. Nb6 d5 17. dxe4 dxe4 18. c5 Be6 19. Bb2 Ng4 20. Re1 Qe8 21. h3 Rd8 22. Qc1
Nf6 23. Rd1 Qf7 24. Ne2 Ba2 25. Ra1 Rxd1+ 26. Qxd1 Bb3 27. Qd6 Nfe8 28. Qd2
Bxb2 29. Qxb2 Ng7 30. Nd4 Bd5 31. Kf2 h5 32. Qd2 h4 33. g4 g5 34. Rg1 fxg4 35.
hxg4 gxf4 36. exf4 Qxf4+ 37. Qxf4 Rxf4+ 38. Ke3 Rxg4 39. Ne2 Nf5+ 40. Kf2 e3+
41. Kf1 Ng3+ 42. Nxg3 Bxg2+ 43. Rxg2 Rxg3 44. Rxg3+ hxg3 45. Nd7 Nd5 46. Ne5
Nf4 47. Nf3 g2+ 48. Kg1 e2 49. Ne1 Kf7 50. Kf2 Ke6 51. Nc2 Kd5 52. Ne3+ Kd4 0-1

[Event "Gibraltar Amateurs A"]
[Site "Gibraltar"]
[Date "2019.01.24"]
[Round "4.20"]
[White "Longdin, Michael"]
[Black "Khoo-Thwe, Louis"]
[Result "0-1"]
[WhiteElo "1735"]
[BlackElo "1617"]
[PlyCount "94"]
[EventDate "2019.01.21"]
[EventType "swiss"]
[EventRounds "5"]
[EventCountry "GGB"]

1. d4 Nf6 2. Bf4 e6 3. e3 b6 4. c3 Bb7 5. Nd2 d6 6. Ngf3 Nbd7 7. Bd3 Qe7 8. Qe2
e5 9. dxe5 dxe5 10. Bg5 e4 11. Bxf6 Nxf6 12. Bb5+ c6 13. Ng5 cxb5 14. Qxb5+ Qd7
15. Qe5+ Be7 16. Ngxe4 O-O 17. O-O-O Qe8 18. Rhg1 Nxe4 19. Nxe4 Rc8 20. Nd6
Bxd6 21. Qxd6 Qa4 22. Kb1 Be4+ 23. Ka1 Bc2 24. Rd4 Qa5 25. Qb4 Qxb4 26. Rxb4
Rfd8 27. Rd4 Rxd4 28. cxd4 Bd3 29. Rd1 Rc2 30. b3 Ba6 31. Kb1 Rxf2 32. Rc1 Rxg2
33. Rc7 Bd3+ 34. Ka1 g6 35. d5 Bf5 36. Re7 Kf8 37. Rxa7 Rd2 38. Rb7 Rxd5 39.
Rxb6 Rd1+ 40. Kb2 Rd2+ 41. Ka1 Rxh2 42. a4 Re2 43. a5 Rxe3 44. b4 h5 45. a6 h4
46. Rb8+ Kg7 47. Ka2 h3 0-1

[Event "Gibraltar Amateurs A"]
[Site "Gibraltar"]
[Date "2019.01.24"]
[Round "4.21"]
[White "Bauer, Dieter"]
[Black "Koreywo, Witold"]
[Result "1-0"]
[WhiteElo "1714"]
[BlackElo "1553"]
[PlyCount "77"]
[EventDate "2019.01.21"]
[EventType "swiss"]
[EventRounds "5"]
[EventCountry "GGB"]

1. c4 e6 2. g3 d5 3. Bg2 Nf6 4. Nf3 c5 5. O-O Nc6 6. cxd5 exd5 7. d4 c4 8. Nc3
h6 9. Bd2 Be7 10. b3 cxb3 11. axb3 O-O 12. Qb1 Be6 13. Rc1 a6 14. e3 Bb4 15.
Na4 Bxd2 16. Nxd2 Nd7 17. Nf3 Qe7 18. Nh4 Rfc8 19. Qb2 Qd6 20. Qd2 Ne7 21. Nf3
Nc6 22. Rc3 Na7 23. Rac1 Qf8 24. Nc5 Nxc5 25. Rxc5 Rxc5 26. Rxc5 Rc8 27. Qc1
Nc6 28. Ne1 Ne7 29. Nd3 b6 30. Rc3 a5 31. Nf4 Rxc3 32. Qxc3 Qd8 33. Kf1 Qd6 34.
Qb2 Nc6 35. Qc3 Ne7 36. Nd3 Nc6 37. Ke2 Kf8 38. Kd2 Ke7 39. Bf1 1-0

[Event "Gibraltar Amateurs A"]
[Site "Gibraltar"]
[Date "2019.01.24"]
[Round "4.23"]
[White "Galinskyi, Mykhalo"]
[Black "Fong, Mi Yen"]
[Result "1/2-1/2"]
[WhiteElo "1540"]
[BlackElo "1687"]
[PlyCount "101"]
[EventDate "2019.01.21"]
[EventType "swiss"]
[EventRounds "5"]
[EventCountry "GGB"]

1. e4 e5 2. Nf3 Nc6 3. Bc4 Bc5 4. c3 Nf6 5. d3 d6 6. Nbd2 O-O 7. O-O Bg4 8. Re1
Ne7 9. Nf1 Ng6 10. Ng3 Nh4 11. Bg5 Bxf3 12. gxf3 Ng6 13. Nh5 Bb6 14. d4 c6 15.
f4 Nxf4 16. Nxf4 exf4 17. Bxf4 d5 18. exd5 Nxd5 19. Bxd5 Qxd5 20. Re5 Qd7 21.
Qf3 Bd8 22. Qg3 Bf6 23. Re3 Rfe8 24. Rae1 Rxe3 25. Qxe3 h6 26. Qg3 Kh7 27. Qd3+
g6 28. Qe3 h5 29. Bg3 h4 30. Bf4 g5 31. Qe4+ Kh6 32. Bd2 Kg7 33. Kh1 Rg8 34. f4
g4 35. Rg1 Kh8 36. f5 Qd5 37. Qxd5 cxd5 38. Kg2 Bg5 39. Bxg5 Rxg5 40. Re1 Rxf5
41. Re7 Kg7 42. Rxb7 a6 43. Rb6 Rf6 44. Rxf6 Kxf6 45. a4 Ke6 46. b3 Kd6 47. c4
dxc4 48. bxc4 f5 49. Kf2 f4 50. Kg2 a5 51. h3 1/2-1/2

[Event "Gibraltar Amateurs A"]
[Site "Gibraltar"]
[Date "2019.01.24"]
[Round "4.24"]
[White "Robson, Paul E"]
[Black "Arias Diaz, Miguel Angel"]
[Result "0-1"]
[WhiteElo "1861"]
[BlackElo "1421"]
[PlyCount "119"]
[EventDate "2019.01.21"]
[EventType "swiss"]
[EventRounds "5"]
[EventCountry "GGB"]

1. e4 c5 2. Nc3 d6 3. f4 Nf6 4. Nf3 Nc6 5. Bb5 Bd7 6. O-O g6 7. d3 Bg7 8. Bxc6
Bxc6 9. Qe1 O-O 10. Qh4 Qd7 11. h3 b5 12. f5 b4 13. Ne2 c4 14. Bh6 cxd3 15.
cxd3 Bb5 16. Bxg7 Kxg7 17. Rad1 Rac8 18. Ned4 a5 19. fxg6 hxg6 20. Qg5 Rc5 21.
Nf5+ Rxf5 22. exf5 Qxf5 23. Qxf5 gxf5 24. Nd4 Bd7 25. Nxf5+ Bxf5 26. Rxf5 e5
27. Rc1 Nd5 28. Rc6 Ne7 29. Rg5+ Kh6 30. Rc7 Nd5 31. Rxe5 dxe5 32. Rc5 Nf4 33.
Rxe5 Nxd3 34. Rxa5 Nxb2 35. Rb5 Nd3 36. Rd5 Nc1 37. Rd2 Ra8 38. Rb2 Nxa2 39.
Kf2 Ra3 40. Ke1 b3 41. Kd2 Nb4 42. Kc3 Nc6 43. Rd2 Na5 44. Rd5 Ra2 45. Rb5 b2
46. Rxb2 Rxb2 47. Kxb2 Nc4+ 48. Kc3 Ne3 49. g3 Nd1+ 50. Kd4 Nf2 51. h4 Nh1 52.
Ke5 Kg7 53. g4 Nf2 54. Kf5 Nd1 55. h5 Ne3+ 56. Kg5 f6+ 57. Kf4 Nc2 58. Kg3 Ne3
59. Kf4 Nd5+ 60. Kg3 0-1

[Event "Gibraltar Amateurs A"]
[Site "Gibraltar"]
[Date "2019.01.24"]
[Round "4.25"]
[White "Marcos Herrero, Francisco"]
[Black "Elsner, Boris"]
[Result "1-0"]
[WhiteElo "1855"]
[BlackElo "1491"]
[PlyCount "53"]
[EventDate "2019.01.21"]
[EventType "swiss"]
[EventRounds "5"]
[EventCountry "GGB"]

1. d4 Nf6 2. c4 g6 3. g3 Bg7 4. Bg2 O-O 5. Nc3 d6 6. e4 e5 7. Nge2 Bg4 8. f3
Bd7 9. Be3 a5 10. O-O Nc6 11. a3 exd4 12. Nxd4 Ne5 13. Qe2 Qc8 14. Rfd1 h5 15.
Ndb5 Bh3 16. Rac1 Bxg2 17. Kxg2 Ne8 18. Nd5 Qd7 19. c5 Nc6 20. cxd6 Nxd6 21.
Ndxc7 Qc8 22. Rxd6 Rb8 23. Nd5 Be5 24. Rdxc6 Qd7 25. Rc7 Bxc7 26. Nf6+ Kg7 27.
Nxd7 1-0

[Event "Gibraltar Amateurs A"]
[Site "Gibraltar"]
[Date "2019.01.24"]
[Round "4.26"]
[White "Ralivololona, Hanitriniaina Andri"]
[Black "Stamenov, Valeriy"]
[Result "1/2-1/2"]
[WhiteElo "1399"]
[BlackElo "1840"]
[PlyCount "88"]
[EventDate "2019.01.21"]
[EventType "swiss"]
[EventRounds "5"]
[EventCountry "GGB"]

1. e4 e5 2. Nf3 Nc6 3. Bb5 d6 4. h3 Bd7 5. O-O Nf6 6. Re1 Be7 7. d4 exd4 8.
Nxd4 O-O 9. Nc3 a6 10. Bc4 Ne5 11. Bb3 h6 12. Nd5 Nxd5 13. Bxd5 Rb8 14. Be3 c6
15. Bb3 c5 16. Nf3 Ng6 17. Bd5 Bc6 18. c4 Bf6 19. Rb1 Qc7 20. Nh2 b5 21. b3
bxc4 22. bxc4 Rxb1 23. Qxb1 Bxd5 24. exd5 Ne5 25. Qc2 Rb8 26. f4 Nd7 27. Nf3
Qa5 28. Rb1 Rxb1+ 29. Qxb1 Qc3 30. Qb3 Qxb3 31. axb3 Bc3 32. Bd2 Bxd2 33. Nxd2
Kf8 34. Kf2 a5 35. Ke3 Nb6 36. Ke4 a4 37. bxa4 Nxa4 38. g4 Ke7 39. h4 Nb6 40.
g5 Nd7 41. f5 hxg5 42. hxg5 Ne5 43. Kf4 Kd7 44. f6 g6 1/2-1/2

[Event "Gibraltar Amateurs A"]
[Site "Gibraltar"]
[Date "2019.01.24"]
[Round "4.27"]
[White "Kurzok, Zenon"]
[Black "Gough, Theo"]
[Result "1/2-1/2"]
[WhiteElo "1722"]
[BlackElo "1430"]
[PlyCount "47"]
[EventDate "2019.01.21"]
[EventType "swiss"]
[EventRounds "5"]
[EventCountry "GGB"]

1. g3 d5 2. Bg2 e5 3. d3 Nf6 4. Nf3 Bd6 5. a3 c6 6. O-O O-O 7. Nc3 Bg4 8. h3
Bh5 9. Bg5 h6 10. Bd2 Nbd7 11. e4 d4 12. Ne2 a5 13. g4 Bg6 14. Ng3 Be7 15. Nf5
Bxf5 16. gxf5 Nh7 17. Kh1 Ng5 18. Qe1 Nxf3 19. Bxf3 Bg5 20. Rg1 Bxd2 21. Qxd2
Kh7 22. Rg3 Rg8 23. Rag1 g6 24. Bh5 1/2-1/2

[Event "Gibraltar Amateurs A"]
[Site "Gibraltar"]
[Date "2019.01.24"]
[Round "4.28"]
[White "Smedsrud, Morten S"]
[Black "Neumanova, Monika"]
[Result "0-1"]
[WhiteElo "1370"]
[BlackElo "1711"]
[PlyCount "116"]
[EventDate "2019.01.21"]
[EventType "swiss"]
[EventRounds "5"]
[EventCountry "GGB"]

1. e4 c5 2. Nf3 Nc6 3. Bb5 e6 4. O-O Nge7 5. Re1 a6 6. Bf1 d6 7. c3 Ng6 8. d4
cxd4 9. cxd4 Be7 10. Nc3 O-O 11. Be3 b5 12. Rc1 Bd7 13. g3 Rc8 14. Bg2 h6 15.
Qd2 Be8 16. Bh3 Bd7 17. Ne2 Re8 18. a3 Na5 19. Rxc8 Bxc8 20. Qc2 Nc4 21. Bc1
Bf8 22. Nd2 Nb6 23. Nf3 Bb7 24. Nf4 Ne7 25. Bg2 Qb8 26. Bd2 Rc8 27. Qb1 Nc4 28.
Bc1 Qc7 29. b3 Nb6 30. Bh3 Re8 31. Bg2 Nd7 32. Bd2 Nf6 33. Rc1 Qd7 34. Ne1 e5
35. Ne2 Nh7 36. f4 exd4 37. Nxd4 Ng6 38. Qd3 Nf6 39. f5 Ne5 40. Qe2 Qd8 41. Nd3
Ned7 42. Nf2 Qa8 43. Re1 Nc5 44. b4 Ncxe4 45. Nxe4 Nxe4 46. Bxe4 Rxe4 47. Qf2
Be7 48. f6 Bxf6 49. Nf5 Rxe1+ 50. Bxe1 d5 51. Nd6 Bc6 52. h4 Qb8 53. Qf4 Qd8
54. Bf2 Qe7 55. Bc5 Qe1+ 56. Kh2 Qe2+ 57. Kh3 Bd7+ 58. g4 h5 0-1

[Event "Gibraltar Amateurs A"]
[Site "Gibraltar"]
[Date "2019.01.24"]
[Round "4.29"]
[White "D`haluin, Wim"]
[Black "Evenshaug, Amadeus Hestvik"]
[Result "1-0"]
[WhiteElo "1702"]
[BlackElo "1383"]
[PlyCount "55"]
[EventDate "2019.01.21"]
[EventType "swiss"]
[EventRounds "5"]
[EventCountry "GGB"]

1. d4 Nf6 2. Nf3 d5 3. Bf4 Bf5 4. e3 e6 5. Nbd2 Bd6 6. Bg5 h6 7. Bh4 Nbd7 8. c4
c6 9. c5 Bc7 10. Rc1 Rc8 11. Be2 O-O 12. Qb3 b6 13. cxb6 Bxb6 14. Ba6 Rb8 15.
Qa3 Re8 16. Rxc6 Ba5 17. O-O Bb4 18. Qa4 Bxd2 19. Nxd2 Rxb2 20. Nf3 Qb8 21. Bg3
Qb4 22. Qxb4 Rxb4 23. Rfc1 Ra4 24. Ra1 Nb6 25. Bb5 Rb4 26. h4 Rd8 27. Bd6 Ne4
28. Bxb4 1-0

[Event "Gibraltar Amateurs A"]
[Site "Gibraltar"]
[Date "2019.01.24"]
[Round "4.30"]
[White "Mahbubani, Dev"]
[Black "Krause, Helmut"]
[Result "0-1"]
[WhiteElo "1343"]
[BlackElo "1668"]
[PlyCount "42"]
[EventDate "2019.01.21"]
[EventType "swiss"]
[EventRounds "5"]
[EventCountry "GGB"]

1. e4 c5 2. Nf3 g6 3. Bc4 e6 4. Nc3 Bg7 5. d3 a6 6. Be3 d6 7. O-O Nc6 8. Re1
Nge7 9. Bb3 Nd4 10. Bxd4 cxd4 11. Ne2 Nc6 12. Ng3 O-O 13. Qd2 Na5 14. e5 Nxb3
15. axb3 dxe5 16. Nxe5 Qd5 17. Nc4 Qd8 18. Qf4 b5 19. Na5 Qd7 20. Qf3 Ra7 21.
Nc6 Bb7 0-1

[Event "Gibraltar Amateurs A"]
[Site "Gibraltar"]
[Date "2019.01.24"]
[Round "4.31"]
[White "Arias Diaz, Javier Alonso"]
[Black "White, Gary"]
[Result "0-1"]
[WhiteElo "1093"]
[BlackElo "1623"]
[PlyCount "60"]
[EventDate "2019.01.21"]
[EventType "swiss"]
[EventRounds "5"]
[EventCountry "GGB"]

1. d4 f5 2. h3 Nf6 3. g4 d6 4. Nc3 fxg4 5. Bf4 Bf5 6. e3 Qd7 7. Bg2 c6 8. e4
gxh3 9. Nxh3 Bg6 10. Qe2 Na6 11. a3 Nc7 12. O-O-O O-O-O 13. e5 Bh5 14. f3 Nfd5
15. Qe1 Nxc3 16. Qxc3 Nd5 17. Qe1 Qf5 18. Qg3 Bg6 19. Rd2 dxe5 20. Bxe5 Ne3 21.
Qf2 Nc4 22. Re2 e6 23. Rhe1 Rd5 24. Nf4 Rb5 25. Nd3 Nxb2 26. Nxb2 Bxa3 27. c3
Qb1+ 28. Kd2 Qxb2+ 29. Ke3 Qxc3+ 30. Kf4 Rb2 0-1